000
00317nam a2200145Ia 4500
100
_a
Sutt G/ Blair Steve
942
_c
BK
654
_a
EGA/VGA
245
_a
Programmers guide to the EGA/VGA
260
_b
BPB Publication
_a
Delhi
_c
1988
082
_a
5.1
_b
SKT
300
_a
512
546
_a
ENGLISH
999
_c
32882
_d
32882